=LDR 00000nam 2200000 4500 =001 INLIS000000000037640 =005 20130612143349 =008 ***********************************ind** =035 ##$$0010-061300000037640 =041 ##$$a ind =082 ##$$a 333.9 =090 ##$$a 333.9, Djo s =100 ##$$a Djojohadikusuma, sumitro =245 ##$$a Science Resource and Development =650 ##$$a Science =850 ##$$a NBPNMAT